Geography Quiz

Random Geography or City Quiz

South Carolina Cities Quiz Stats

 Plays Quiz Updated Sep 11, 2019

Score 0/20 Timer 06:00
5 Plays Today
Rank City % Correct
1Charleston
95.1%
2Columbia
94.8%
6Greenville
69.9%
13Myrtle Beach
68.8%
11Spartanburg
56.4%
3North Charleston
48.5%
10Hilton Head Island
42%
5Rock Hill
40.8%
12Florence
40.2%
16Anderson
32.7%
Rank City % Correct
15Aiken
31.8%
4Mount Pleasant
29.5%
9Sumter
27.1%
7Summerville
25.2%
20Conway
16.3%
8Goose Creek
15.3%
14Greer
13.3%
18Mauldin
8.4%
17Hanahan
6.2%
19Socastee
3.3%

You're not logged in!

Compare scores with friends on all Sporcle quizzes.
OR
Log In

Sporcle TV

Today on Sporcle TV


Watch our educational content, quiz creation guides, and fun videos on Sporcle TV.

Show Comments

Extras

Top Quizzes Today


Score Distribution

Your Account Isn't Verified!

In order to create a playlist on Sporcle, you need to verify the email address you used during registration. Go to your Sporcle Settings to finish the process.

Report this User

Report this user for behavior that violates our Community Guidelines.

Details: